अर्थशास्त्र-शिक्षण / (Record no. 118377)

MARC details
000 -LEADER
fixed length control field 01149nam a22002537a 4500
005 - DATE AND TIME OF LATEST TRANSACTION
control field 20170124103111.0
010 ## - LIBRARY OF CONGRESS CONTROL NUMBER
LC control number A-815011
020 ## - INTERNATIONAL STANDARD BOOK NUMBER
Terms of availability 45.00
International Standard Book Number 8174571264
035 ## - SYSTEM CONTROL NUMBER
System control number A-815011
037 ## - SOURCE OF ACQUISITION
Source of stock number/acquisition Cen Lib/Ret
040 ## - CATALOGING SOURCE
Original cataloging agency DPL
Language of cataloging HN
082 ## - DEWEY DECIMAL CLASSIFICATION NUMBER
Classification number 372.83
Item number त्यागीगु
100 ## - MAIN ENTRY--PERSONAL NAME
Personal name त्यागी, गुरसरनदास
9 (RLIN) 79810
245 ## - TITLE STATEMENT
Title अर्थशास्त्र-शिक्षण /
Statement of responsibility, etc गुरसरनदास त्यागी
246 ## - VARYING FORM OF TITLE
Title proper/short title Arthshastr-shikshan /
Remainder of title by Gursardas Tyagi
260 ## - PUBLICATION, DISTRIBUTION, ETC. (IMPRINT)
Place of publication, distribution, etc आगरा
Name of publisher, distributor, etc विनोद पुस्तक मन्दिर
270 ## - ADDRESS
City आगरा
Address रांगेय राघव मार्ग
300 ## - PHYSICAL DESCRIPTION
Extent 344पृ.
Dimensions 20सेमी(सजिल्द)
650 ## - SUBJECT ADDED ENTRY--TOPICAL TERM
Topical term or geographic name as entry element अर्थशास्त्र -- शिक्षण के उद्देश्य
9 (RLIN) 79811
650 ## - SUBJECT ADDED ENTRY--TOPICAL TERM
Topical term or geographic name as entry element अर्थशास्त्र -- शिक्षण विधियाँ
9 (RLIN) 79812
650 ## - SUBJECT ADDED ENTRY--TOPICAL TERM
Topical term or geographic name as entry element Economics - teaching objectives
9 (RLIN) 79813
650 ## - SUBJECT ADDED ENTRY--TOPICAL TERM
Topical term or geographic name as entry element Economics - teaching method
9 (RLIN) 79814
942 ## - ADDED ENTRY ELEMENTS (KOHA)
Source of classification or shelving scheme Dewey Decimal Classification
Koha item type Hindi Books
Classification part 372.83
Call number suffix त्यागीगु
Holdings
Withdrawn status Lost status Damaged status Not for loan Home library Current library Date acquired Source of acquisition Cost, normal purchase price Total Checkouts Full call number Barcode Date last seen Copy number Cost, replacement price Price effective from Koha item type
        Central Library Central Library 11/09/2015 Cen Lib/Ret 45.00   372.83 त्यागीगु A-815011 11/09/2015 1 45.00 11/09/2015 Hindi Books

© Delhi Public Library
Hit Counter
free hit counter